000 nam a22 7a 4500
999 _c127862
_d127862
008 180406b xxu||||| |||| 00| 0 eng d
020 _a9780743400732
050 _aPN2287.M18
_bA3
100 _aMacLaine, Shirley
_941314
245 _aThe Camino
_ba journey of the spirit
_cShirley macLaine
260 _aNew York
_bPocket Books
_c2000
300 _a307p. ;
_c21cm.
600 _aMacLaine, Shirley
_941314
942 _2lcc
_cMONOGRAPH